[Event "Open A"]
[Site "Polanica-Zdroj"]
[Date "2017.08.24"]
[Round "6.12"]
[White "Musial, Tomasz"]
[Black "Kowalczyk, Rafal"]
[Result "0-1"]
[BlackElo "2222"]
[WhiteElo "1979"]
[LiveChessVersion "1.4.8"]

1. e4 {[%clk 1:30:53]} e5 {[%clk 1:30:54]} 2. Nf3 {[%clk 1:31:18]} Nc6
{[%clk 1:31:18]} 3. Bc4 {[%clk 1:31:26]} Bc5 {[%clk 1:31:24]} 4. O-O
{[%clk 1:31:50]} Nf6 {[%clk 1:30:41]} 5. d3 {[%clk 1:31:40]} d6 {[%clk 1:29:34]}
6. c3 {[%clk 1:31:27]} a6 {[%clk 1:29:59]} 7. a4 {[%clk 1:31:06]} Ba7
{[%clk 1:30:20]} 8. h3 {[%clk 1:29:30]} h6 {[%clk 1:22:36]} 9. Nbd2
{[%clk 1:27:00]} g5 {[%clk 1:21:42]} 10. b4 {[%clk 1:15:55]} g4 {[%clk 1:13:49]}
11. hxg4 {[%clk 1:16:17]} Bxg4 {[%clk 1:13:49]} 12. Qb3 {[%clk 1:13:17]} Qe7
{[%clk 1:02:49]} 13. Nh2 {[%clk 1:08:18]} Rg8 {[%clk 0:45:37]} 14. Nxg4
{[%clk 0:59:27]} Nxg4 {[%clk 0:45:50]} 15. Nf3 {[%clk 0:59:21]} Qf6
{[%clk 0:45:32]} 16. Ra2 {[%clk 0:43:29]} Qg6 {[%clk 0:42:36]} 17. Nh4
{[%clk 0:41:07]} Qh5 {[%clk 0:42:05]} 18. g3 {[%clk 0:40:28]} Nxf2
{[%clk 0:10:45]} 19. Raxf2 {[%clk 0:35:53]} Rxg3+ {[%clk 0:11:01]} 20. Ng2
{[%clk 0:36:17]} Qh3 {[%clk 0:09:53]} 21. Bxf7+ {[%clk 0:34:34]} Ke7
{[%clk 0:03:29]} 22. d4 {[%clk 0:34:32]} Nxd4 {[%clk 0:03:51]} 23. cxd4
{[%clk 0:31:26]} Rxb3 {[%clk 0:04:12]} 24. Bxb3 {[%clk 0:31:10]} Qxb3
{[%clk 0:04:38]} 25. Ne3 {[%clk 0:30:01]} Rg8+ {[%clk 0:04:34]} 26. Kh2
{[%clk 0:30:22]} Bxd4 {[%clk 0:04:54]} 27. Nd5+ {[%clk 0:29:47]} Ke8
{[%clk 0:00:57]} 28. Nf6+ {[%clk 0:26:59]} Kd8 {[%clk 0:01:19]} 29. Nxg8
{[%clk 0:26:12]} Bxf2 {[%clk 0:01:44]} 30. Rxf2 {[%clk 0:26:03]} Qxg8
{[%clk 0:02:10]} 0-1

[Event "Open A"]
[Site "Polanica-Zdroj"]
[Date "2017.08.25"]
[Round "7.1"]
[White "Psyk, Radoslaw"]
[Black "Warakomski, Tomasz"]
[Result "1/2-1/2"]
[BlackElo "2536"]
[WhiteElo "2132"]
[LiveChessVersion "1.4.8"]

1. e4 {[%clk 1:30:57]} c5 {[%clk 1:28:43]} 2. Nf3 {[%clk 1:31:11]} a6
{[%clk 1:28:56]} 3. c3 {[%clk 1:25:17]} d5 {[%clk 1:28:50]} 4. exd5
{[%clk 1:25:35]} Qxd5 {[%clk 1:29:13]} 5. d4 {[%clk 1:25:57]} Nf6
{[%clk 1:28:54]} 6. Be3 {[%clk 1:18:47]} cxd4 {[%clk 1:28:53]} 7. cxd4
{[%clk 1:19:07]} e6 {[%clk 1:29:06]} 8. Nc3 {[%clk 1:19:33]} Qd6 {[%clk 1:27:04]}
9. Bd3 {[%clk 1:19:16]} Nc6 {[%clk 1:26:55]} 10. a3 {[%clk 1:18:59]} Be7
{[%clk 1:26:58]} 11. O-O {[%clk 1:19:16]} O-O {[%clk 1:27:24]} 12. Qe2
{[%clk 1:18:10]} b5 {[%clk 1:10:34]} 13. Rac1 {[%clk 1:00:30]} Bb7
{[%clk 1:10:43]} 14. Bb1 {[%clk 0:58:21]} Rac8 {[%clk 1:02:09]} 15. Rfe1
{[%clk 0:52:16]} b4 {[%clk 0:59:11]} 16. axb4 {[%clk 0:44:56]} Nxb4
{[%clk 0:59:27]} 17. Ne5 {[%clk 0:44:56]} Nc6 {[%clk 0:47:33]} 18. Qf3
{[%clk 0:26:30]} Ba8 {[%clk 0:29:54]} 19. Qg3 {[%clk 0:25:24]} g6
{[%clk 0:29:03]} 20. Ba2 {[%clk 0:20:28]} Nb4 {[%clk 0:24:51]} 21. Bb3
{[%clk 0:12:47]} Nbd5 {[%clk 0:24:22]} 22. Nxd5 {[%clk 0:13:00]} Bxd5
{[%clk 0:24:05]} 23. Bh6 {[%clk 0:11:34]} Rfd8 {[%clk 0:23:42]} 24. h3
{[%clk 0:09:08]} Ne4 {[%clk 0:13:48]} 25. Qf3 {[%clk 0:07:27]} f6
{[%clk 0:12:42]} 26. Bxd5 {[%clk 0:07:23]} Qxd5 {[%clk 0:05:33]} 27. Rxc8
{[%clk 0:06:33]} Rxc8 {[%clk 0:05:59]} 28. Qxe4 {[%clk 0:06:29]} Qxe4
{[%clk 0:06:07]} 29. Rxe4 {[%clk 0:06:57]} fxe5 {[%clk 0:06:30]} 30. Rxe5
{[%clk 0:07:01]} Kf7 {[%clk 0:06:55]} 31. Ra5 {[%clk 0:07:00]} Rc6
{[%clk 0:05:31]} 32. Be3 {[%clk 0:06:47]} Rb6 {[%clk 0:02:31]} 33. d5
{[%clk 0:06:14]} Rxb2 {[%clk 0:02:40]} 34. dxe6+ {[%clk 0:06:36]} Kxe6
{[%clk 0:03:06]} 35. Rxa6+ {[%clk 0:07:02]} Kf7 {[%clk 0:03:19]} 36. g3
{[%clk 0:07:15]} Rb5 {[%clk 0:02:24]} 37. Kg2 {[%clk 0:07:36]} h5
{[%clk 0:02:09]} 38. h4 {[%clk 0:04:19]} Rf5 {[%clk 0:01:45]} 39. Kf1
{[%clk 0:04:28]} Rb5 {[%clk 0:01:56]} 40. Ke2 {[%clk 0:34:51]} Bc5
{[%clk 0:32:13]} 41. Rc6 {[%clk 0:27:36]} Be7 {[%clk 0:27:00]} 42. Kf3
{[%clk 0:27:24]} Rf5+ {[%clk 0:27:04]} 43. Ke4 {[%clk 0:27:46]} Rb5
{[%clk 0:27:14]} 44. Rc7 {[%clk 0:27:45]} Ke6 {[%clk 0:27:35]} 45. Rc6+
{[%clk 0:28:07]} Kf7 {[%clk 0:28:00]} 46. Ra6 {[%clk 0:26:43]} Rf5
{[%clk 0:26:56]} 47. Bd4 {[%clk 0:23:37]} Rb5 {[%clk 0:27:04]} 48. Ra7
{[%clk 0:23:38]} Ke6 {[%clk 0:26:58]} 49. Ra6+ {[%clk 0:22:21]} Kf7
{[%clk 0:27:23]} 50. Bc3 {[%clk 0:16:33]} Rf5 {[%clk 0:25:42]} 51. Bd4
{[%clk 0:14:53]} Rb5 {[%clk 0:26:03]} 52. Be3 {[%clk 0:11:45]} Rf5
{[%clk 0:25:54]} 53. Ra8 {[%clk 0:11:58]} Rb5 {[%clk 0:25:17]} 54. Rh8
{[%clk 0:11:21]} Bf6 {[%clk 0:24:33]} 55. Rh7+ {[%clk 0:11:26]} Ke6
{[%clk 0:24:56]} 56. Ra7 {[%clk 0:10:54]} Be7 {[%clk 0:24:11]} 57. Ra6+
{[%clk 0:11:06]} Kf7 {[%clk 0:24:10]} 58. Ra7 {[%clk 0:07:40]} 1/2-1/2

[Event "Open A"]
[Site "Polanica-Zdroj"]
[Date "2017.08.25"]
[Round "7.2"]
[White "Shishkin, Vadim"]
[Black "Bilczewski, Kacper"]
[Result "1-0"]
[BlackElo "2191"]
[WhiteElo "2454"]
[LiveChessVersion "1.4.8"]

1. d4 {[%clk 1:30:58]} d5 {[%clk 1:30:53]} 2. c4 {[%clk 1:31:25]} c6
{[%clk 1:31:21]} 3. Nf3 {[%clk 1:31:50]} Nf6 {[%clk 1:31:47]} 4. e3
{[%clk 1:32:16]} e6 {[%clk 1:32:12]} 5. b3 {[%clk 1:32:37]} Nbd7 {[%clk 1:31:41]}
6. Bb2 {[%clk 1:32:46]} Bd6 {[%clk 1:30:35]} 7. Bd3 {[%clk 1:33:02]} O-O
{[%clk 1:30:52]} 8. O-O {[%clk 1:33:24]} Qe7 {[%clk 1:30:59]} 9. Nbd2
{[%clk 1:32:44]} e5 {[%clk 1:27:17]} 10. e4 {[%clk 1:32:58]} dxe4
{[%clk 1:26:10]} 11. Nxe4 {[%clk 1:31:35]} Nxe4 {[%clk 1:26:32]} 12. Bxe4
{[%clk 1:32:02]} f5 {[%clk 1:25:33]} 13. dxe5 {[%clk 1:32:08]} Nxe5
{[%clk 1:24:35]} 14. Bxe5 {[%clk 1:27:44]} Bxe5 {[%clk 1:24:42]} 15. Bd5+
{[%clk 1:28:06]} cxd5 {[%clk 1:14:13]} 16. Qxd5+ {[%clk 1:28:31]} Be6
{[%clk 1:09:54]} 17. Qxe5 {[%clk 1:28:54]} Rae8 {[%clk 1:07:50]} 18. Rfe1
{[%clk 1:28:52]} Qb4 {[%clk 1:07:56]} 19. Qd4 {[%clk 1:14:18]} a6
{[%clk 1:07:04]} 20. Re5 {[%clk 1:09:23]} Bc8 {[%clk 1:02:04]} 21. Rae1
{[%clk 1:03:23]} Rd8 {[%clk 1:00:51]} 22. Rd5 {[%clk 0:55:00]} Rxd5
{[%clk 1:01:03]} 23. Qxd5+ {[%clk 0:55:25]} Kh8 {[%clk 1:01:24]} 24. h4
{[%clk 0:55:28]} f4 {[%clk 1:00:28]} 25. c5 {[%clk 0:45:01]} Bg4 {[%clk 0:59:31]}
26. Re7 {[%clk 0:43:10]} Bxf3 {[%clk 0:59:56]} 27. Qf7 {[%clk 0:42:08]} 1-0

[Event "Open A"]
[Site "Polanica-Zdroj"]
[Date "2017.08.25"]
[Round "7.3"]
[White "Cyborowski, Lukasz"]
[Black "Korbal, Arkadiusz"]
[Result "1/2-1/2"]
[BlackElo "2159"]
[WhiteElo "2532"]
[LiveChessVersion "1.4.8"]

1. d4 {[%clk 1:30:56]} Nf6 {[%clk 1:30:41]} 2. c4 {[%clk 1:31:06]} e6
{[%clk 1:30:31]} 3. g3 {[%clk 1:28:09]} c5 {[%clk 1:27:37]} 4. d5
{[%clk 1:27:52]} exd5 {[%clk 1:27:50]} 5. cxd5 {[%clk 1:28:17]} d6
{[%clk 1:28:13]} 6. Nc3 {[%clk 1:28:37]} g6 {[%clk 1:28:18]} 7. Bg2
{[%clk 1:28:57]} Bg7 {[%clk 1:28:40]} 8. Nf3 {[%clk 1:29:21]} O-O
{[%clk 1:29:03]} 9. O-O {[%clk 1:29:48]} a6 {[%clk 1:28:17]} 10. a4
{[%clk 1:30:09]} Nbd7 {[%clk 1:28:04]} 11. h3 {[%clk 1:23:43]} Re8
{[%clk 1:25:32]} 12. Nd2 {[%clk 1:23:46]} Rb8 {[%clk 1:20:58]} 13. a5
{[%clk 1:17:52]} b5 {[%clk 1:17:46]} 14. axb6 {[%clk 1:18:15]} Nxb6
{[%clk 1:11:48]} 15. Re1 {[%clk 1:03:41]} Nh5 {[%clk 1:01:02]} 16. e4
{[%clk 0:56:37]} Bd4 {[%clk 0:50:03]} 17. Ne2 {[%clk 0:29:36]} Bf6
{[%clk 0:46:33]} 18. Qc2 {[%clk 0:26:01]} Ng7 {[%clk 0:44:10]} 19. Kh2
{[%clk 0:21:49]} Qc7 {[%clk 0:38:59]} 20. f4 Bd7 21. Nf3 {[%clk 0:19:21]} Bb5
{[%clk 0:37:55]} 22. Nc3 {[%clk 0:18:57]} Nd7 {[%clk 0:34:41]} 23. b3
{[%clk 0:18:15]} Re7 {[%clk 0:21:25]} 24. Bb2 {[%clk 0:16:05]} Qb6
{[%clk 0:18:59]} 25. e5 {[%clk 0:13:12]} dxe5 {[%clk 0:18:46]} 26. Nxb5
{[%clk 0:11:37]} exf4 {[%clk 0:11:57]} 27. Rxe7 {[%clk 0:12:01]} fxg3+
{[%clk 0:12:19]} 28. Kh1 {[%clk 0:12:26]} Bxe7 {[%clk 0:12:17]} 29. Na3
{[%clk 0:11:50]} Qxb3 {[%clk 0:11:20]} 30. Qxb3 {[%clk 0:12:08]} Rxb3
{[%clk 0:11:45]} 31. Nc4 {[%clk 0:12:35]} Nf5 {[%clk 0:10:32]} 32. Nfd2
{[%clk 0:12:10]} Rb8 {[%clk 0:08:40]} 33. Rxa6 {[%clk 0:12:35]} Bf8
{[%clk 0:08:09]} 34. Be4 {[%clk 0:02:20]} Nd4 {[%clk 0:05:26]} 35. d6
{[%clk 0:01:42]} Bh6 {[%clk 0:04:10]} 36. Bc3 {[%clk 0:01:29]} Bf4
{[%clk 0:02:55]} 37. Kg2 {[%clk 0:01:24]} Nf6 {[%clk 0:01:28]} 38. Bc6
{[%clk 0:00:55]} Kg7 {[%clk 0:00:36]} 39. d7 {[%clk 0:00:55]} Bc7
{[%clk 0:00:56]} 40. Ba4 {[%clk 0:30:37]} Nd5 {[%clk 0:30:45]} 41. Rc6
{[%clk 0:17:47]} Rd8 {[%clk 0:22:52]} 42. Rxc5 {[%clk 0:12:08]} Nxc3
{[%clk 0:22:39]} 43. Rxc7 {[%clk 0:10:27]} Nxa4 {[%clk 0:22:57]} 44. Ne4
{[%clk 0:10:52]} Ne6 {[%clk 0:20:41]} 45. Ra7 {[%clk 0:05:53]} Nac5
{[%clk 0:20:58]} 46. Ned6 {[%clk 0:03:16]} Rxd7 {[%clk 0:19:11]} 47. Ra8
{[%clk 0:03:41]} Kf6 {[%clk 0:12:50]} 48. Kxg3 {[%clk 0:03:55]} Ng7
{[%clk 0:11:20]} 49. Ra5 {[%clk 0:03:37]} Nce6 {[%clk 0:08:47]} 50. Kf3
{[%clk 0:02:56]} Nd4+ {[%clk 0:07:29]} 51. Kf4 {[%clk 0:03:21]} Nge6+
{[%clk 0:07:39]} 52. Ke4 {[%clk 0:03:12]} Nc6 {[%clk 0:06:26]} 53. Ra3
{[%clk 0:03:38]} Ng5+ {[%clk 0:05:45]} 54. Kf4 {[%clk 0:03:53]} Ne6+
{[%clk 0:05:47]} 55. Ke4 {[%clk 0:04:22]} Kg7 {[%clk 0:05:33]} 56. Kd5
{[%clk 0:03:03]} Ne7+ {[%clk 0:05:39]} 57. Ke5 {[%clk 0:03:31]} Nc7
{[%clk 0:05:14]} 58. Kf4 {[%clk 0:03:10]} Ned5+ {[%clk 0:05:29]} 59. Kf3
{[%clk 0:03:17]} Re7 {[%clk 0:05:44]} 60. h4 {[%clk 0:03:21]} Re1
{[%clk 0:06:00]} 61. h5 {[%clk 0:03:35]} Rh1 {[%clk 0:05:58]} 62. hxg6
{[%clk 0:03:54]} hxg6 {[%clk 0:05:14]} 63. Kg2 {[%clk 0:04:21]} Rc1
{[%clk 0:05:29]} 64. Rf3 {[%clk 0:04:28]} f5 {[%clk 0:05:26]} 65. Rf1
{[%clk 0:03:29]} Rc2+ {[%clk 0:05:26]} 66. Rf2 {[%clk 0:03:51]} Rc3
{[%clk 0:05:14]} 67. Rf3 {[%clk 0:04:16]} Rxf3 {[%clk 0:05:05]} 68. Kxf3
{[%clk 0:04:42]} Kf6 {[%clk 0:05:20]} 69. Kg3 {[%clk 0:03:54]} Ne6
{[%clk 0:05:14]} 70. Ne8+ {[%clk 0:04:03]} Kg5 {[%clk 0:05:18]} 71. Ned6
{[%clk 0:04:29]} f4+ {[%clk 0:05:36]} 72. Kf2 {[%clk 0:04:55]} Nd4
{[%clk 0:05:28]} 73. Ne5 {[%clk 0:02:49]} Kf6 {[%clk 0:03:51]} 74. Nd3
{[%clk 0:03:15]} Ke6 {[%clk 0:03:23]} 75. Ne4 {[%clk 0:03:41]} Kf5
{[%clk 0:03:25]} 76. Nd6+ {[%clk 0:04:08]} Kg4 {[%clk 0:03:24]} 77. Nf7
{[%clk 0:04:00]} Nc6 {[%clk 0:02:46]} 78. Nh8 {[%clk 0:04:07]} g5
{[%clk 0:02:49]} 79. Nf7 {[%clk 0:04:31]} Nc3 {[%clk 0:02:54]} 80. Nxg5
{[%clk 0:04:43]} 1/2-1/2

[Event "Open A"]
[Site "Polanica-Zdroj"]
[Date "2017.08.25"]
[Round "7.4"]
[White "Kucza, Karol"]
[Black "Mazalon, Mariusz"]
[Result "1-0"]
[BlackElo "2000"]
[WhiteElo "2320"]
[LiveChessVersion "1.4.8"]

1. e4 {[%clk 1:30:56]} c5 {[%clk 1:30:07]} 2. Nf3 {[%clk 1:31:19]} g6
{[%clk 1:29:26]} 3. d4 {[%clk 1:28:45]} Bg7 {[%clk 1:29:40]} 4. d5
{[%clk 1:27:22]} d6 {[%clk 1:28:37]} 5. c4 {[%clk 1:26:41]} Nf6 {[%clk 1:06:21]}
6. Nc3 {[%clk 1:26:58]} O-O {[%clk 1:06:39]} 7. h3 {[%clk 1:26:59]} b5
{[%clk 1:05:23]} 8. cxb5 {[%clk 1:23:35]} a6 {[%clk 1:01:44]} 9. bxa6
{[%clk 1:17:01]} Bxa6 {[%clk 1:02:03]} 10. Bxa6 {[%clk 1:17:21]} Rxa6
{[%clk 1:01:23]} 11. O-O {[%clk 1:17:31]} Nbd7 {[%clk 1:01:01]} 12. Qc2
{[%clk 1:00:34]} Qa8 {[%clk 1:00:44]} 13. Bf4 {[%clk 0:51:12]} Rb8
{[%clk 0:54:44]} 14. b3 {[%clk 0:44:35]} Ne8 {[%clk 0:52:49]} 15. a4
{[%clk 0:42:30]} Nc7 {[%clk 0:51:15]} 16. Rfd1 {[%clk 0:36:15]} Rab6
{[%clk 0:35:41]} 17. Rab1 {[%clk 0:35:01]} R8b7 {[%clk 0:24:23]} 18. Nd2
{[%clk 0:28:49]} Qb8 {[%clk 0:24:32]} 19. Bg5 {[%clk 0:25:50]} Kf8
{[%clk 0:24:17]} 20. Be3 {[%clk 0:23:32]} Kg8 {[%clk 0:20:58]} 21. Kh1
{[%clk 0:21:09]} Kf8 {[%clk 0:21:10]} 22. Kg1 {[%clk 0:19:12]} Kg8
{[%clk 0:21:36]} 23. Kh2 {[%clk 0:17:16]} Kf8 {[%clk 0:21:42]} 24. Kg1
{[%clk 0:16:43]} Kg8 {[%clk 0:21:54]} 25. Bg5 {[%clk 0:17:06]} Kf8
{[%clk 0:22:22]} 26. Re1 {[%clk 0:16:58]} h6 {[%clk 0:18:45]} 27. Be3
{[%clk 0:17:17]} Kg8 {[%clk 0:19:04]} 28. Rf1 {[%clk 0:17:17]} Kf8
{[%clk 0:19:01]} 29. Kh1 {[%clk 0:17:32]} Kg8 {[%clk 0:19:29]} 30. f4
{[%clk 0:17:26]} Kh7 {[%clk 0:14:29]} 31. Bg1 {[%clk 0:17:03]} Nf6
{[%clk 0:10:50]} 32. Qd3 {[%clk 0:15:37]} Nd7 {[%clk 0:10:21]} 33. Qc2
{[%clk 0:15:17]} Nf6 {[%clk 0:10:38]} 34. Rfe1 {[%clk 0:15:21]} Nd7
{[%clk 0:10:54]} 35. Bf2 {[%clk 0:10:38]} Kg8 {[%clk 0:11:02]} 36. Bg1
{[%clk 0:08:44]} Kf8 {[%clk 0:11:30]} 37. Na2 {[%clk 0:06:47]} Na6
{[%clk 0:10:00]} 38. Bh2 {[%clk 0:05:06]} Kg8 {[%clk 0:08:18]} 39. Re3
{[%clk 0:02:41]} Bd4 {[%clk 0:06:10]} 40. Rf3 {[%clk 0:31:36]} Bg7
{[%clk 0:36:38]} 41. Nc4 {[%clk 0:31:02]} Nb4 {[%clk 0:32:20]} 42. Nxb4
{[%clk 0:31:22]} Rxb4 {[%clk 0:32:39]} 43. Na5 {[%clk 0:31:07]} Nf6
{[%clk 0:29:38]} 44. Nxb7 {[%clk 0:30:12]} Qxb7 {[%clk 0:29:56]} 45. Re1
{[%clk 0:25:30]} Qa6 {[%clk 0:29:27]} 46. e5 {[%clk 0:25:00]} Nxd5
{[%clk 0:29:13]} 47. exd6 {[%clk 0:25:15]} exd6 {[%clk 0:29:20]} 48. f5
{[%clk 0:25:27]} g5 {[%clk 0:25:16]} 49. Re8+ {[%clk 0:25:42]} Bf8
{[%clk 0:25:29]} 50. f6 {[%clk 0:25:10]} Nc7 {[%clk 0:24:39]} 51. Rxf8+
{[%clk 0:24:40]} Kxf8 {[%clk 0:25:02]} 52. Qh7 {[%clk 0:25:05]} Ke8
{[%clk 0:25:01]} 53. Qg8+ {[%clk 0:25:28]} Kd7 {[%clk 0:25:26]} 54. Qxf7+
{[%clk 0:25:45]} Kc6 {[%clk 0:25:48]} 55. Qe7 {[%clk 0:23:10]} Rd4
{[%clk 0:23:58]} 56. f7 {[%clk 0:23:32]} Rd1+ {[%clk 0:23:15]} 57. Bg1
{[%clk 0:23:56]} Kd5 1-0

[Event "Open A"]
[Site "Polanica-Zdroj"]
[Date "2017.08.25"]
[Round "7.5"]
[White "Bugalski, Michal"]
[Black "Faron, Rafal"]
[Result "1-0"]
[BlackElo "2106"]
[WhiteElo "2250"]
[LiveChessVersion "1.4.8"]

1. e4 {[%clk 1:30:56]} Nf6 {[%clk 1:30:37]} 2. e5 {[%clk 1:29:51]} Nd5
{[%clk 1:30:16]} 3. d4 {[%clk 1:30:13]} d6 {[%clk 1:30:19]} 4. Nf3
{[%clk 1:28:30]} Nb6 {[%clk 1:30:44]} 5. c4 {[%clk 1:26:33]} g6 {[%clk 1:30:20]}
6. exd6 {[%clk 1:24:26]} cxd6 {[%clk 1:30:05]} 7. Be2 {[%clk 1:23:45]} Bg7
{[%clk 1:30:05]} 8. h3 {[%clk 1:22:32]} O-O {[%clk 1:29:13]} 9. O-O
{[%clk 1:22:56]} Bf5 {[%clk 1:28:34]} 10. Nc3 {[%clk 1:15:40]} Nc6
{[%clk 1:27:34]} 11. Be3 {[%clk 1:15:44]} d5 {[%clk 1:27:52]} 12. c5
{[%clk 1:11:02]} Nc4 {[%clk 1:28:17]} 13. Bxc4 {[%clk 1:10:22]} dxc4
{[%clk 1:28:43]} 14. Qa4 {[%clk 1:05:52]} Bd3 {[%clk 1:28:58]} 15. Rfd1
{[%clk 1:06:09]} Qe8 {[%clk 1:28:51]} 16. Ne1 {[%clk 0:51:18]} Nxd4
{[%clk 0:59:00]} 17. Qxe8 {[%clk 0:50:09]} Rfxe8 {[%clk 0:59:21]} 18. Nxd3
{[%clk 0:50:19]} cxd3 {[%clk 0:58:10]} 19. Rxd3 {[%clk 0:50:33]} Nc2
{[%clk 0:55:19]} 20. Rad1 {[%clk 0:49:08]} Nxe3 {[%clk 0:54:09]} 21. Rxe3
{[%clk 0:44:24]} Bxc3 {[%clk 0:54:03]} 22. Rxc3 {[%clk 0:44:11]} Red8
{[%clk 0:53:03]} 23. Rcd3 {[%clk 0:35:02]} Rxd3 {[%clk 0:52:40]} 24. Rxd3
{[%clk 0:35:30]} Rc8 {[%clk 0:52:59]} 25. b4 {[%clk 0:27:30]} b6 {[%clk 0:51:06]}
26. Rc3 {[%clk 0:26:23]} bxc5 {[%clk 0:46:17]} 27. Rxc5 {[%clk 0:14:13]} Rxc5
{[%clk 0:44:17]} 28. bxc5 {[%clk 0:14:41]} Kf8 {[%clk 0:44:43]} 29. f4
{[%clk 0:14:53]} Ke8 {[%clk 0:42:25]} 30. Kf2 {[%clk 0:14:50]} Kd7
{[%clk 0:41:27]} 31. Ke3 {[%clk 0:15:14]} Kc6 {[%clk 0:41:45]} 32. Kd4
{[%clk 0:15:42]} f6 {[%clk 0:38:09]} 33. g4 {[%clk 0:14:56]} e6 {[%clk 0:33:46]}
34. g5 {[%clk 0:11:47]} fxg5 {[%clk 0:33:55]} 35. fxg5 {[%clk 0:12:12]} a5
{[%clk 0:34:21]} 36. Ke5 {[%clk 0:10:45]} Kxc5 {[%clk 0:34:18]} 37. Kxe6
{[%clk 0:11:09]} Kb4 {[%clk 0:34:33]} 38. Kf7 {[%clk 0:11:32]} Ka3
{[%clk 0:34:59]} 39. Kg7 {[%clk 0:11:58]} Kxa2 {[%clk 0:35:26]} 40. Kxh7
{[%clk 0:42:22]} a4 {[%clk 1:05:42]} 41. Kxg6 {[%clk 0:42:34]} a3
{[%clk 1:06:07]} 42. Kh7 {[%clk 0:38:50]} Kb1 {[%clk 1:02:41]} 43. g6
{[%clk 0:39:06]} a2 {[%clk 1:03:10]} 44. g7 {[%clk 0:39:31]} a1=Q
{[%clk 1:03:35]} 45. g8=Q {[%clk 0:39:54]} Qd4 {[%clk 1:03:02]} 46. Qg6+
{[%clk 0:38:57]} Ka2 {[%clk 1:01:22]} 47. Qg2+ {[%clk 0:34:00]} Ka3
{[%clk 1:00:13]} 48. Qg3+ {[%clk 0:33:47]} Ka2 {[%clk 1:00:34]} 49. Qg8+
{[%clk 0:29:15]} Kb1 {[%clk 0:59:27]} 50. Qg4 {[%clk 0:27:37]} Qa7+
{[%clk 0:56:40]} 51. Kh6 {[%clk 0:27:11]} Qe3+ {[%clk 0:56:02]} 52. Kh5
{[%clk 0:27:24]} Qe5+ {[%clk 0:54:24]} 53. Qg5 {[%clk 0:27:37]} Qh8+
{[%clk 0:54:00]} 54. Kg4 {[%clk 0:23:33]} Qd4+ {[%clk 0:47:21]} 55. Qf4
{[%clk 0:22:58]} Qd1+ {[%clk 0:44:43]} 56. Qf3 {[%clk 0:21:43]} Qd4+
{[%clk 0:42:24]} 57. Kg3 {[%clk 0:21:21]} Qg7+ {[%clk 0:37:54]} 58. Kh2
{[%clk 0:19:50]} Qe7 {[%clk 0:37:23]} 59. Qf2 {[%clk 0:19:23]} Qe5+
{[%clk 0:34:26]} 60. Qg3 {[%clk 0:19:27]} Qe2+ {[%clk 0:34:24]} 61. Kh1
{[%clk 0:19:21]} Qe4+ {[%clk 0:34:27]} 62. Qg2 {[%clk 0:19:43]} Qe7
{[%clk 0:34:35]} 63. Qf1+ {[%clk 0:15:49]} Kb2 {[%clk 0:33:16]} 64. Qf2+
{[%clk 0:16:12]} Kb1 {[%clk 0:32:41]} 65. h4 {[%clk 0:16:13]} Qe4+
{[%clk 0:32:42]} 66. Kh2 {[%clk 0:16:23]} Qe5+ {[%clk 0:32:46]} 67. Kh3
{[%clk 0:16:25]} Qe6+ {[%clk 0:32:41]} 68. Kg3 {[%clk 0:16:22]} Qg6+
{[%clk 0:32:44]} 69. Kh2 {[%clk 0:15:48]} Qe8 {[%clk 0:31:13]} 70. Qf5+
{[%clk 0:15:06]} Ka1 {[%clk 0:30:39]} 71. h5 {[%clk 0:15:03]} Qc6
{[%clk 0:27:23]} 72. Qf1+ {[%clk 0:14:53]} 1-0

[Event "Open A"]
[Site "Polanica-Zdroj"]
[Date "2017.08.25"]
[Round "7.6"]
[White "Kowalczyk, Rafal"]
[Black "Goluch, Piotr"]
[Result "1-0"]
[BlackElo "2360"]
[WhiteElo "2222"]
[LiveChessVersion "1.4.8"]

1. e4 {[%clk 1:30:56]} c5 {[%clk 1:30:40]} 2. c3 {[%clk 1:28:00]} Nf6
{[%clk 1:31:04]} 3. e5 {[%clk 1:28:00]} Nd5 {[%clk 1:31:28]} 4. Nf3
{[%clk 1:28:21]} Nc6 {[%clk 1:31:53]} 5. Bc4 {[%clk 1:25:19]} e6 {[%clk 1:32:19]}
6. O-O {[%clk 1:23:58]} Be7 {[%clk 1:31:44]} 7. Re1 {[%clk 1:18:57]} O-O
{[%clk 1:31:56]} 8. d4 {[%clk 1:18:51]} cxd4 {[%clk 1:32:22]} 9. Nxd4
{[%clk 1:19:01]} d6 {[%clk 1:27:42]} 10. Bxd5 {[%clk 1:09:37]} exd5
{[%clk 1:28:07]} 11. Nxc6 {[%clk 0:52:10]} bxc6 {[%clk 1:28:31]} 12. Bf4
{[%clk 0:52:30]} dxe5 {[%clk 1:25:22]} 13. Bxe5 {[%clk 0:52:21]} Be6
{[%clk 1:18:58]} 14. Nd2 {[%clk 0:38:16]} Qb6 {[%clk 1:19:18]} 15. b4
{[%clk 0:33:55]} a5 {[%clk 1:17:24]} 16. Bd4 {[%clk 0:34:16]} Qc7
{[%clk 1:17:16]} 17. a3 {[%clk 0:31:01]} Bd6 {[%clk 1:17:40]} 18. h3
{[%clk 0:29:03]} c5 {[%clk 1:18:06]} 19. bxc5 {[%clk 0:29:25]} Bxc5
{[%clk 1:18:32]} 20. Nf3 {[%clk 0:24:28]} Ra6 {[%clk 1:17:33]} 21. Ng5
{[%clk 0:23:49]} Bc8 {[%clk 1:13:08]} 22. Nf3 {[%clk 0:14:47]} Bd6
{[%clk 1:07:40]} 23. Qd3 {[%clk 0:14:44]} a4 {[%clk 1:02:03]} 24. Ng5
{[%clk 0:12:00]} g6 {[%clk 1:02:32]} 25. Nf3 {[%clk 0:11:44]} Ra5
{[%clk 0:57:43]} 26. Ne5 {[%clk 0:05:05]} Bf5 {[%clk 0:54:19]} 27. Qd2
{[%clk 0:04:16]} f6 {[%clk 0:54:38]} 28. Ng4 {[%clk 0:04:02]} Bxg4
{[%clk 0:55:03]} 29. hxg4 {[%clk 0:04:29]} Rb5 {[%clk 0:54:50]} 30. Qd3
{[%clk 0:03:47]} Rb3 {[%clk 0:52:10]} 31. Re6 {[%clk 0:04:03]} Qd7
{[%clk 0:52:27]} 32. Rxf6 {[%clk 0:02:38]} Rxf6 {[%clk 0:48:35]} 33. Bxf6
{[%clk 0:03:06]} Qb5 {[%clk 0:48:20]} 34. Qd1 {[%clk 0:00:50]} Rxa3
{[%clk 0:46:27]} 35. Rc1 {[%clk 0:00:33]} Bf4 {[%clk 0:43:24]} 36. Qe1
{[%clk 0:00:34]} Qd7 {[%clk 0:41:25]} 37. Rd1 {[%clk 0:00:59]} Kf7
{[%clk 0:41:21]} 38. g5 {[%clk 0:00:47]} Qe6 {[%clk 0:36:26]} 39. Qf1
{[%clk 0:01:13]} Qf5 {[%clk 0:32:49]} 40. Qb5 {[%clk 0:30:32]} Bxg5
{[%clk 0:53:38]} 41. Qc5 {[%clk 0:20:01]} Bxf6 {[%clk 0:53:49]} 42. Qxa3
{[%clk 0:20:26]} Qe4 {[%clk 0:43:54]} 43. Qd6 {[%clk 0:19:12]} Kg7
{[%clk 0:44:18]} 44. Qxd5 {[%clk 0:16:50]} Qxd5 {[%clk 0:44:45]} 45. Rxd5
{[%clk 0:17:14]} Bxc3 {[%clk 0:45:12]} 46. Rd7+ {[%clk 0:17:38]} Kf6
{[%clk 0:44:58]} 47. Rxh7 {[%clk 0:13:49]} a3 {[%clk 0:45:25]} 48. Ra7
{[%clk 0:14:14]} Bb4 {[%clk 0:45:48]} 49. Ra6+ {[%clk 0:14:07]} Ke5
{[%clk 0:45:53]} 50. Ra4 {[%clk 0:13:42]} Bc5 {[%clk 0:46:17]} 51. Kf1
{[%clk 0:13:17]} Kd5 {[%clk 0:46:43]} 52. Ke2 {[%clk 0:13:27]} Kc6
{[%clk 0:47:09]} 53. Kd3 {[%clk 0:12:55]} Bxf2 {[%clk 0:45:56]} 54. Rxa3
{[%clk 0:13:16]} Kd5 {[%clk 0:43:29]} 55. Ra6 {[%clk 0:13:11]} g5
{[%clk 0:43:47]} 56. Ra5+ {[%clk 0:13:31]} Bc5 {[%clk 0:44:11]} 57. Rxc5+
{[%clk 0:12:49]} 1-0